Fruits et Légumes qui commencent par la lettre - C - Statistiques

Statistiques générales
  • Ce quiz a été pris 174 fois
  • Le résultat moyen est 14 sur 16
Statistiques - réponses
Par images Réponse % Correct
Cerise
99%
Clémentine
99%
Concombre
98%
Cornichon
98%
Carotte
97%
Champignon
97%
Courgette
95%
Citron vert
94%
Chou Fleur
92%
Citron jaune
89%
Châtaigne
87%
Citrouille
82%
Chou de Bruxelles
81%
Céleri
77%
Cassis
65%
Carambole
40%
Aucun quiz correspondant
Distribution des résultats
% des personnes avec chaque résultat
Percentile par nombre de réponses
Votre historique - résultats
Vous n’avez pas pris ce quiz